Calibration of response-type road roughness measuring systems / (Record no. 547636)

000 -LEADER
fixed length control field 00766nam a2200217 a 4500
020 ## - INTERNATIONAL STANDARD BOOK NUMBER
International Standard Book Number 030903034X (pbk.) :
082 00 - DEWEY DECIMAL CLASSIFICATION NUMBER
Classification number 625.8
Author Mark GIL
100 1# - MAIN ENTRY--PERSONAL NAME
Personal name Gillespie, T. D.
9 (RLIN) 43779
245 10 - TITLE STATEMENT
Title Calibration of response-type road roughness measuring systems /
Statement of responsibility, etc. T.D. Gillespie, M.W. Sayers, and L. Segel.
260 ## - PUBLICATION, DISTRIBUTION, ETC.
Place of publication, distribution, etc. Washington, D.C. :
Name of publisher, distributor, etc. Transportation Research Board, National Research Council,
Date of publication, distribution, etc. 1980.
300 ## - PHYSICAL DESCRIPTION
Extent 81 p. :
Other physical details ill. ;
Dimensions 28 cm.
490 1# - SERIES STATEMENT
Series statement Report,
526 ## - STUDY PROGRAM INFORMATION NOTE
Program name 0
Interest level 0
Reading level 0
Title point value 625_800000000000000_GIL
650 #0 - SUBJECT ADDED ENTRY--TOPICAL TERM
Topical term or geographic name entry element MCE
9 (RLIN) 379
650 #0 - SUBJECT ADDED ENTRY--TOPICAL TERM
Topical term or geographic name entry element Pavements
General subdivision Testing.
9 (RLIN) 21218
650 #0 - SUBJECT ADDED ENTRY--TOPICAL TERM
Topical term or geographic name entry element Road meters
General subdivision Calibration.
9 (RLIN) 43780
650 #0 - SUBJECT ADDED ENTRY--TOPICAL TERM
Topical term or geographic name entry element Roads
General subdivision Riding qualities
-- Testing.
9 (RLIN) 21850
700 1# - ADDED ENTRY--PERSONAL NAME
Personal name Sayers, M. W.
9 (RLIN) 43781
700 1# - ADDED ENTRY--PERSONAL NAME
Personal name Segel, L.
9 (RLIN) 43782
942 ## - ADDED ENTRY ELEMENTS (KOHA)
Source of classification or shelving scheme
Koha item type Book
Holdings
Withdrawn status Lost status Source of classification or shelving scheme Damaged status Not for loan Permanent Location Current Location Date acquired Total Checkouts Full call number Barcode Date last seen Price effective from Koha item type
          Military College of Engineering (MCE) Military College of Engineering (MCE) 07/24/2014   625.8 GIL MCE-42102 07/24/2014 07/24/2014 Book
© 2023 Central Library, National University of Sciences and Technology. All Rights Reserved.